[Event "Stuttgarter Stadtmeisterschaft"]
[Site "Ditzingen"]
[Date "2008.05.03"]
[Round "6.6"]
[White "Stadler, Marcus"]
[Black "Bulgrin, Uwe"]
[Result "1/2-1/2"]
[WhiteElo "1707"]
[BlackElo "1840"]
[PlyCount "78"]
[EventDate "2008.05.??"]
[EventType "swiss"]
[EventRounds "7"]
[EventCountry "GER"]

1. e4 e6 2. d4 d5 3. Nd2 Nf6 4. e5 Nfd7 5. Bd3 c5 6. c3 Nc6 7. Ne2 Be7 8. O-O
Qb6 9. Nf3 f6 10. exf6 Nxf6 11. a3 Bd7 12. b4 c4 13. Bb1 Bd6 14. Bf4 Ne7 15.
Bxd6 Qxd6 16. Ne5 Bc8 17. Ng3 O-O 18. Nh5 Bd7 19. Nxf6+ Rxf6 20. Qh5 g6 21. Qg5
Kg7 22. f4 Nf5 23. Bxf5 exf5 24. Rf3 h6 25. Qh4 Rff8 26. Rg3 Be8 27. Rh3 Rh8
28. Re1 Bf7 29. Nxf7 Kxf7 30. Re5 Rae8 31. Rhe3 Rxe5 32. Rxe5 h5 33. Qe1 Rd8
34. Qd1 b5 35. a4 a6 36. axb5 axb5 37. Qa1 Qb6 38. Kf2 Qb7 39. Qe1 Qd7 1/2-1/2

[Event "Stuttgarter Stadtmeisterschaft"]
[Site "Ditzingen"]
[Date "2008.05.03"]
[Round "6.7"]
[White "Rix, Michael"]
[Black "Haubensak, Harald"]
[Result "1-0"]
[WhiteElo "1820"]
[BlackElo "1675"]
[PlyCount "83"]
[EventDate "2008.05.??"]
[EventType "swiss"]
[EventRounds "7"]
[EventCountry "GER"]

1. d4 f5 2. Nf3 Nf6 3. e3 e6 4. Bd3 d5 5. b3 Bd6 6. O-O O-O 7. Ba3 Nbd7 8. Bxd6
cxd6 9. Nbd2 Ne4 10. c4 Rf6 11. cxd5 exd5 12. Rc1 Rh6 13. Qe2 g5 14. g3 g4 15.
Nh4 Qg5 16. f3 Nxd2 17. Qxd2 Nf6 18. f4 Qh5 19. Rc7 Ne4 20. Bxe4 dxe4 21. Rfc1
Qe8 22. Qb4 Rf6 23. Qc4+ Kh8 24. Rxc8 Rxc8 25. Qxc8 Qxc8 26. Rxc8+ Kg7 27. Rc7+
Rf7 28. Rxf7+ Kxf7 29. Nxf5 Ke6 30. Nh6 b5 31. Nxg4 a5 32. Nf2 d5 33. g4 Kf6
34. h4 h5 35. g5+ Kf5 36. a3 b4 37. axb4 axb4 38. Kg2 Ke6 39. Nd1 Kf7 40. Nb2
Ke6 41. Na4 Kd7 42. Nc5+ 1-0

[Event "Stuttgarter Stadtmeisterschaft"]
[Site "Ditzingen"]
[Date "2008.05.03"]
[Round "6.8"]
[White "Lautenbach, Ulrich"]
[Black "Follmer, Helmuth"]
[Result "1-0"]
[WhiteElo "1663"]
[BlackElo "1807"]
[PlyCount "105"]
[EventDate "2008.05.??"]
[EventType "swiss"]
[EventRounds "7"]
[EventCountry "GER"]

1. b3 e5 2. Bb2 Nc6 3. e3 d5 4. Nf3 Bd6 5. Bb5 f6 6. h3 a6 7. Be2 Nge7 8. c4
Be6 9. cxd5 Nxd5 10. Nc3 b5 11. O-O Qd7 12. Ne4 Be7 13. Rc1 Na7 14. d4 exd4 15.
Nxd4 c6 16. Nxe6 Qxe6 17. Nc5 Qc8 18. e4 Bxc5 19. Rxc5 Ne7 20. Bh5+ Ng6 21. Qd6
Qd7 22. Qxd7+ Kxd7 23. Rd1+ Kc7 24. Bxg6 hxg6 25. e5 Rhf8 26. Rc2 Rae8 27. Rcd2
Rd8 28. Rxd8 Rxd8 29. Rxd8 Kxd8 30. exf6 gxf6 31. Bxf6+ Kd7 32. Bd4 Nc8 33. Bc5
a5 34. a3 Nd6 35. f3 Nb7 36. Bf8 c5 37. Kf2 Kc6 38. Ke3 Kd5 39. f4 Nd8 40. Bg7
c4 41. bxc4+ Kxc4 42. g4 Kb3 43. Bf8 Kc4 44. Ke4 Nf7 45. h4 b4 46. axb4 axb4
47. Bxb4 Kxb4 48. f5 g5 49. hxg5 Nxg5+ 50. Kf4 Nh7 51. g5 Kc5 52. g6 Nf6 53.
Ke5 1-0

[Event "Stuttgarter Stadtmeisterschaft"]
[Site "Ditzingen"]
[Date "2008.05.03"]
[Round "6.10"]
[White "Straub, Reiner"]
[Black "Schestibrat, Dennis"]
[Result "0-1"]
[WhiteElo "1638"]
[BlackElo "1727"]
[PlyCount "78"]
[EventDate "2008.05.??"]
[EventType "swiss"]
[EventRounds "7"]
[EventCountry "GER"]

1. d4 Nf6 2. Nc3 c5 3. d5 d6 4. Bg5 Nbd7 5. g3 h6 6. Bxf6 Nxf6 7. Bg2 a6 8. f4
Bf5 9. e4 Bg4 10. Nge2 Qd7 11. h3 Bh5 12. g4 Bg6 13. f5 Bh7 14. Nf4 g5 15. Nd3
c4 16. Nf2 Bg7 17. Ne2 Qb5 18. O-O Nd7 19. Rb1 Qc5 20. c3 Ne5 21. Nd4 b5 22. b4
cxb3 23. Rxb3 Rb8 24. a4 b4 25. Kh1 O-O 26. Nd3 Nxd3 27. Qxd3 bxc3 28. Rxb8
Rxb8 29. Nc6 Rb6 30. Nxe7+ Kf8 31. Ng6+ Bxg6 32. fxg6 Be5 33. Rxf7+ Kg8 34. Qf3
Bf4 35. Rxf4 gxf4 36. Qxf4 Qc7 37. Qf6 c2 38. g7 c1=Q+ 39. Kh2 Qf7 0-1

[Event "Stuttgarter Stadtmeisterschaft"]
[Site "Ditzingen"]
[Date "2008.05.03"]
[Round "6.11"]
[White "Schömbs, Oliver"]
[Black "Schreiber, Stephan"]
[Result "1/2-1/2"]
[WhiteElo "1719"]
[BlackElo "1646"]
[PlyCount "189"]
[EventDate "2008.05.??"]
[EventType "swiss"]
[EventRounds "7"]
[EventCountry "GER"]

1. d4 e5 2. dxe5 Nc6 3. Nf3 Qe7 4. Qd5 h6 5. a3 g5 6. Nc3 a6 7. Be3 Bg7 8. Bc5
Qe6 9. e3 Nxe5 10. Nd4 Qxd5 11. Nxd5 Kd8 12. Nf5 d6 13. Nxg7 dxc5 14. Rd1 Bd7
15. f4 Ng6 16. Be2 N6e7 17. fxg5 hxg5 18. O-O f5 19. Ne6+ Kc8 20. Nexc7 Nxd5
21. Nxa8 Ngf6 22. Bf3 Nxe3 23. Nb6+ Kc7 24. Nxd7 Nxd7 25. Bxb7 Nxd1 26. Rxd1
Rb8 27. Bxa6 Rxb2 28. Bd3 f4 29. Rf1 Ne5 30. Bh7 Nc4 31. h4 Ne3 32. hxg5 Nxf1
33. Kxf1 Kd6 34. g6 Rb7 35. Kf2 Ke5 36. Bg8 Ra7 37. Bf7 Kf6 38. Kf3 Rxa3+ 39.
Kxf4 Rc3 40. Bb3 Kxg6 41. Ke5 Kg5 42. Kd5 Kf4 43. Bc4 Rxc2 44. Kxc5 Rxg2 45.
Kd4 Rd2+ 46. Kc3 Rd8 47. Kb2 Ke3 48. Ba2 Kd4 49. Ka1 Kc3 50. Bb1 Kb3 51. Ba2+
Ka3 52. Bb1 Rd2 53. Bh7 Rh2 54. Bg6 Rg2 55. Bf5 Rf2 56. Bh7 Rf7 57. Bb1 Rb7 58.
Bf5 Rb2 59. Bh7 Rh2 60. Bb1 Kb3 61. Be4 Rh4 62. Bd5+ Kc2 63. Bf7 Rh6 64. Bd5
Rh4 65. Bf7 Rg4 66. Bd5 Rd4 67. Bf7 Rd6 68. Bg8 Rd7 69. Be6 Ra7+ 70. Ba2 Rb7
71. Be6 Rb5 72. Bg8 Rh5 73. Bf7 Rg5 74. Be6 Re5 75. Bg8 Kc1 76. Bf7 Ra5+ 77.
Ba2 Re5 78. Bf7 Kc2 79. Bg6+ Kb3 80. Bf7+ Kc3 81. Kb1 Re1+ 82. Ka2 Re7 83. Bg6
Re6 84. Bh7 Ra6+ 85. Kb1 Rb6+ 86. Ka2 Rh6 87. Bf5 Rh2+ 88. Ka1 Rh5 89. Bg6 Rh6
90. Be4 Rd6 91. Bh7 Rd8 92. Be4 Kb3 93. Bf5 Rd6 94. Bh7 Rd8 95. Be4 1/2-1/2

[Event "Stuttgarter Stadtmeisterschaft"]
[Site "Ditzingen"]
[Date "2008.05.03"]
[Round "6.12"]
[White "Rieder, Josef"]
[Black "Debbeler, Adrian"]
[Result "0-1"]
[WhiteElo "1872"]
[BlackElo "1649"]
[PlyCount "56"]
[EventDate "2008.05.??"]
[EventType "swiss"]
[EventRounds "7"]
[EventCountry "GER"]

1. e4 e5 2. Nf3 Nc6 3. Bb5 a6 4. Ba4 Nf6 5. O-O b5 6. Bb3 Be7 7. Re1 O-O 8. a4
Bb7 9. axb5 axb5 10. Rxa8 Bxa8 11. c3 d5 12. exd5 Nxd5 13. d4 exd4 14. Nxd4
Nxd4 15. cxd4 Bf6 16. Nc3 Qd7 17. Ne4 Bh4 18. Qh5 Be7 19. Nc5 Bxc5 20. dxc5 Nf6
21. Qg5 Qc6 22. f3 Rd8 23. Re7 Rd7 24. Bxf7+ Kh8 25. Bd5 Qxc5+ 26. Be3 Qxe7 27.
Bxa8 h6 28. Qxb5 Qxe3+ 0-1

[Event "Stuttgarter Stadtmeisterschaft"]
[Site "Ditzingen"]
[Date "2008.05.03"]
[Round "6.13"]
[White "Hartmann, Christian"]
[Black "Mainik, Andreas"]
[Result "1-0"]
[WhiteElo "1543"]
[BlackElo "1777"]
[PlyCount "49"]
[EventDate "2008.05.??"]
[EventType "swiss"]
[EventRounds "7"]
[EventCountry "GER"]

1. d4 Nf6 2. Bg5 e6 3. e3 Be7 4. Bd3 d5 5. Nd2 O-O 6. Rc1 Nbd7 7. Ne2 e5 8. c3
e4 9. Bb1 Ng4 10. Bxe7 Qxe7 11. h3 Ngf6 12. Qb3 c6 13. c4 Nb6 14. a4 Be6 15. c5
Nc8 16. Qd1 Re8 17. Nf4 Bf5 18. g4 Bg6 19. h4 h6 20. Kf1 Bh7 21. g5 Nd7 22. Qg4
f5 23. Qg2 Kh8 24. Bc2 Rg8 25. g6 1-0

[Event "Stuttgarter Stadtmeisterschaft"]
[Site "Ditzingen"]
[Date "2008.05.03"]
[Round "6.14"]
[White "Funk, Patrick"]
[Black "Mack, Markus"]
[Result "1-0"]
[WhiteElo "1723"]
[BlackElo "1599"]
[PlyCount "49"]
[EventDate "2008.05.??"]
[EventType "swiss"]
[EventRounds "7"]
[EventCountry "GER"]

1. c4 Nf6 2. Nc3 g6 3. g3 Bg7 4. Bg2 c6 5. e4 e5 6. Nf3 Qc7 7. O-O O-O 8. b3 d6
9. h3 h6 10. Bb2 c5 11. Kh2 Kh7 12. Ng1 Nc6 13. Nge2 Ng8 14. Nd5 Qd8 15. f4 f5
16. fxe5 fxe4 17. Qc2 Nce7 18. Rxf8 Qxf8 19. Rf1 Qd8 20. Nxe7 Nxe7 21. exd6 Nf5
22. Bxg7 Kxg7 23. Qc3+ Kg8 24. Qe5 Qxd6 25. Rxf5 1-0

[Event "Stuttgarter Stadtmeisterschaft"]
[Site "Ditzingen"]
[Date "2008.05.03"]
[Round "6.15"]
[White "Schnorr, Christian"]
[Black "Tölg, Wolfgang"]
[Result "1-0"]
[WhiteElo "1585"]
[BlackElo "1721"]
[PlyCount "69"]
[EventDate "2008.05.??"]
[EventType "swiss"]
[EventRounds "7"]
[EventCountry "GER"]

1. e4 e5 2. Nf3 Nc6 3. d4 exd4 4. Bc4 Nf6 5. e5 Ng4 6. Qe2 Bb4+ 7. c3 dxc3 8.
bxc3 Be7 9. O-O h5 10. h3 Nh6 11. Rd1 g6 12. Bxh6 Rxh6 13. e6 fxe6 14. Bxe6 d6
15. Nd4 Kf8 16. Nxc6 bxc6 17. Bxc8 Rxc8 18. Qf3+ Kg7 19. Qxc6 Rh8 20. Na3 Rf8
21. Rab1 Qe8 22. Qxe8 Rcxe8 23. Rb7 Rc8 24. Nb5 Bd8 25. Rxd6 Kh6 26. Rd7 Rf5
27. Nxa7 Ra8 28. Nc6 Bf6 29. Rbxc7 Rxa2 30. f3 Bh4 31. Nd4 Rf6 32. f4 Rxf4 33.
Ne6 g5 34. Nxf4 gxf4 35. Rc6+ 1-0

[Event "Stuttgarter Stadtmeisterschaft"]
[Site "Ditzingen"]
[Date "2008.05.03"]
[Round "6.16"]
[White "Philippin, Otto"]
[Black "Zimmermann, Ulrich"]
[Result "1/2-1/2"]
[WhiteElo "1721"]
[BlackElo "1493"]
[PlyCount "92"]
[EventDate "2008.05.??"]
[EventType "swiss"]
[EventRounds "7"]
[EventCountry "GER"]

1. f4 d5 2. Nf3 c5 3. e3 Nc6 4. Bb5 e6 5. Bxc6+ bxc6 6. Ne5 Qc7 7. b3 Ba6 8. c4
Nf6 9. O-O Bd6 10. Bb2 Rb8 11. d3 O-O 12. Nd2 Nd7 13. Nxd7 Qxd7 14. Qe2 f5 15.
Nf3 h6 16. Be5 Bxe5 17. Nxe5 Qd6 18. Qf3 Rf6 19. Rad1 Rb7 20. Kh1 g5 21. g3 g4
22. Qe2 h5 23. Kg2 Rh7 24. Rh1 Rfh6 25. h4 Re7 26. Qd2 Qc7 27. Qb2 Qb6 28. Qa3
Bb7 29. d4 Qb4 30. Qxa7 cxd4 31. Qb8+ Kg7 32. Nd3 Qa3 33. Qe5+ Kf7 34. Qxd4
dxc4 35. Ne5+ Kg8 36. Qd8+ Kh7 37. Rhe1 cxb3 38. Rd7 c5+ 39. Kg1 Rxd7 40. Qxd7+
Kg8 41. Qe8+ Kg7 42. Qf7+ Kh8 43. Qf8+ Kh7 44. Rd1 Bd5 45. Qe7+ Kg8 46. Qg5+
Kh7 1/2-1/2

[Event "Stuttgarter Stadtmeisterschaft"]
[Site "Ditzingen"]
[Date "2008.05.03"]
[Round "6.17"]
[White "Daur, Wolfgang"]
[Black "Wendland, Viktor"]
[Result "0-1"]
[WhiteElo "1696"]
[BlackElo "1469"]
[PlyCount "80"]
[EventDate "2008.05.??"]
[EventType "swiss"]
[EventRounds "7"]
[EventCountry "GER"]

1. e4 c6 2. d4 d5 3. exd5 cxd5 4. g3 Nc6 5. Bg2 b5 6. Ne2 e6 7. O-O Nf6 8. c3
Be7 9. Nd2 O-O 10. Qc2 Ba6 11. b3 Rc8 12. Qd3 Qb6 13. Qe3 Ne8 14. c4 bxc4 15.
bxc4 Bxc4 16. Nxc4 dxc4 17. Bd2 Bf6 18. Bc3 Nd6 19. Rfb1 Qc7 20. g4 Rfd8 21. f4
a6 22. a4 Ne7 23. g5 Nef5 24. Qf2 Be7 25. h4 h5 26. Kh2 g6 27. Kh3 Rb8 28. Ng1
Rb3 29. Rxb3 cxb3 30. Qe1 Nc4 31. Ne2 Nfe3 32. Be4 Bd6 33. Qb1 b2 34. Ra2 Kh7
35. Kg3 Rb8 36. Kf3 Rb3 37. Qe1 Nd5 38. Bc2 Rxc3+ 39. Nxc3 Nxc3 40. Qxc3 Ne5+
0-1

[Event "Stuttgarter Stadtmeisterschaft"]
[Site "Ditzingen"]
[Date "2008.05.03"]
[Round "6.18"]
[White "Mainik, Philipp"]
[Black "Botond, Laszlo"]
[Result "0-1"]
[WhiteElo "1437"]
[BlackElo "1670"]
[PlyCount "60"]
[EventDate "2008.05.??"]
[EventType "swiss"]
[EventRounds "7"]
[EventCountry "GER"]

1. e4 c6 2. d4 d5 3. exd5 cxd5 4. c3 Bf5 5. Nf3 h6 6. Bd3 Bxd3 7. Qxd3 Nf6 8.
O-O e6 9. Nbd2 Nbd7 10. Re1 Bd6 11. Nf1 O-O 12. Ng3 a6 13. Ne5 Rc8 14. f4 Qb6
15. Kh1 Bb8 16. a4 Qd8 17. h3 Nb6 18. b3 Bd6 19. Bb2 Ne8 20. f5 Bxe5 21. Rxe5
Nd7 22. Re3 Nc7 23. Ba3 Re8 24. Rae1 Nf6 25. fxe6 Nxe6 26. Nf5 Ne4 27. Qc2 Rc6
28. Rd1 Qg5 29. Rf3 g6 30. Ne3 Rxc3 0-1

[Event "Stuttgarter Stadtmeisterschaft"]
[Site "Ditzingen"]
[Date "2008.05.03"]
[Round "6.19"]
[White "Novak, Josua"]
[Black "Domingos, Antonio"]
[Result "0-1"]
[WhiteElo "1653"]
[BlackElo "1410"]
[PlyCount "70"]
[EventDate "2008.05.??"]
[EventType "swiss"]
[EventRounds "7"]
[EventCountry "GER"]

1. e4 e6 2. d4 d5 3. Nc3 Bb4 4. e5 c5 5. a3 Bxc3+ 6. bxc3 Nc6 7. Nf3 Nge7 8.
Bd3 Qb6 9. O-O Bd7 10. Be3 cxd4 11. cxd4 Rc8 12. c4 Qc7 13. c5 b6 14. Rc1 Qb8
15. Ng5 h6 16. Qh5 g6 17. Qh3 bxc5 18. Rxc5 Qb3 19. Bb5 Qxa3 20. Rfc1 a6 21.
R5c3 Qb4 22. Bxa6 Ra8 23. Bd3 Nxd4 24. Bxd4 Qxd4 25. Rc7 Ra2 26. Rxd7 Qxf2+ 27.
Kh1 Kxd7 28. Bb5+ Kd8 29. Nf3 Qb6 30. Bf1 Kd7 31. Ne1 Nf5 32. Qc3 Rb8 33. Nd3
Ke7 34. h3 Ng3+ 35. Kh2 Nxf1+ 0-1

[Event "Stuttgarter Stadtmeisterschaft"]
[Site "Ditzingen"]
[Date "2008.05.03"]
[Round "6.20"]
[White "Hamm, Lukas"]
[Black "Auterhoff, Jürgen"]
[Result "1-0"]
[WhiteElo "1418"]
[BlackElo "1891"]
[PlyCount "121"]
[EventDate "2008.05.??"]
[EventType "swiss"]
[EventRounds "7"]
[EventCountry "GER"]

1. e4 e5 2. Nf3 Nf6 3. Nxe5 d6 4. Nf3 Nxe4 5. d4 d5 6. Bd3 Bf5 7. O-O Be7 8.
Nc3 Nc6 9. Re1 Nxc3 10. bxc3 Bxd3 11. Qxd3 O-O 12. Bf4 Qd7 13. Rab1 b6 14. Ng5
Bxg5 15. Bxg5 Rfe8 16. Qg3 Ne7 17. Bf4 c6 18. Qd3 Ng6 19. Bg3 Rxe1+ 20. Rxe1
Re8 21. Qd2 Re6 22. Kf1 Qe7 23. Rxe6 Qxe6 24. Qe2 Qxe2+ 25. Kxe2 f5 26. Bb8 a6
27. g3 Kf7 28. Kd3 b5 29. Bc7 Ne7 30. Be5 g5 31. Ke3 Nc8 32. Bc7 Ke6 33. h3 h5
34. h4 Kf7 35. hxg5 Kg6 36. Kf4 Ne7 37. Bd8 Nc8 38. Ke5 Na7 39. Kd6 b4 40. cxb4
Nb5+ 41. Kc5 f4 42. gxf4 h4 43. f5+ Kxf5 44. g6 Kxg6 45. Bxh4 Kf5 46. a4 Nc3
47. Kxc6 Ke4 48. Bf6 Nxa4 49. f4 Nc3 50. Be5 Na2 51. Kc5 Nc3 52. Kb6 Na2 53. c3
Nxc3 54. Kxa6 Ne2 55. b5 Nxd4 56. Bxd4 Kxd4 57. b6 Ke3 58. b7 d4 59. b8=Q d3
60. f5 d2 61. Qd8 1-0

[Event "Stuttgarter Stadtmeisterschaft"]
[Site "Ditzingen"]
[Date "2008.05.03"]
[Round "6.21"]
[White "Koeller, Horst"]
[Black "Rühl, Volker"]
[Result "1/2-1/2"]
[WhiteElo "1599"]
[BlackElo "1886"]
[PlyCount "110"]
[EventDate "2008.05.??"]
[EventType "swiss"]
[EventRounds "7"]
[EventCountry "GER"]

1. e4 d5 2. exd5 Nf6 3. d4 Nxd5 4. c4 Nb6 5. h3 Nc6 6. Nf3 Bf5 7. a3 e6 8. Be3
Be7 9. Be2 O-O 10. O-O Bf6 11. Nc3 Qd7 12. g4 Bg6 13. g5 Be7 14. Ne5 Nxe5 15.
dxe5 Rfd8 16. Qxd7 Nxd7 17. f4 Bc5 18. Bxc5 Nxc5 19. Rad1 Kf8 20. b4 Ne4 21.
Nxe4 Bxe4 22. Rxd8+ Rxd8 23. Rd1 Rxd1+ 24. Bxd1 Ke7 25. Kf2 f6 26. gxf6+ gxf6
27. exf6+ Kxf6 28. Ke3 Bg2 29. h4 h6 30. Bg4 b6 31. Kd4 Bc6 32. c5 Be8 33. cxb6
cxb6 34. h5 Bb5 35. Ke4 Ba4 36. Kd4 Bc2 37. Ke3 e5 38. Bd7 Bf5 39. Be8 Ke7 40.
Bb5 Bg4 41. fxe5 Ke6 42. Kf4 Bxh5 43. Bc4+ Ke7 44. Bd5 Bf7 45. Be4 Be6 46. a4
a5 47. bxa5 bxa5 48. Bc2 Bc4 49. Bd1 Ke6 50. Ke4 Bd5+ 51. Kf4 Bc6 52. Bb3+ Ke7
53. Bd1 Be8 54. Ke4 h5 55. Bxh5 Bxh5 1/2-1/2

[Event "Stuttgarter Stadtmeisterschaft"]
[Site "Ditzingen"]
[Date "2008.05.03"]
[Round "6.22"]
[White "Schnorr, Elke"]
[Black "Krebs, Thomas"]
[Result "1/2-1/2"]
[WhiteElo "1739"]
[BlackElo "1630"]
[PlyCount "40"]
[EventDate "2008.05.??"]
[EventType "swiss"]
[EventRounds "7"]
[EventCountry "GER"]

1. d4 d5 2. Nf3 Nf6 3. e3 Bf5 4. c4 e6 5. Nc3 a6 6. cxd5 exd5 7. Qb3 b6 8. Qa4+
Bd7 9. Qc2 Bc6 10. Bd3 Bb4 11. O-O O-O 12. a3 Bxc3 13. bxc3 b5 14. Re1 Re8 15.
Ne5 Qd6 16. Nxc6 Nxc6 17. e4 Nxe4 18. Bxe4 dxe4 19. Rxe4 Na5 20. Bf4 Qc6
1/2-1/2

[Event "Stuttgarter Stadtmeisterschaft"]
[Site "Ditzingen"]
[Date "2008.05.03"]
[Round "6.23"]
[White "Dietsche, Birgit"]
[Black "von Borstel, Andreas"]
[Result "1/2-1/2"]
[WhiteElo "1610"]
[BlackElo "1496"]
[PlyCount "76"]
[EventDate "2008.05.??"]
[EventType "swiss"]
[EventRounds "7"]
[EventCountry "GER"]

1. d4 e6 2. Bf4 c5 3. e3 Nf6 4. c3 d5 5. Nf3 Nc6 6. h3 Bd7 7. Nbd2 Be7 8. Bd3
O-O 9. Ne5 Rc8 10. g4 cxd4 11. exd4 a6 12. g5 Nxe5 13. Bxe5 Ne8 14. h4 f6 15.
gxf6 Bxf6 16. Qh5 g6 17. Rg1 Rf7 18. Bxg6 hxg6 19. Rxg6+ Rg7 20. Nf3 Qe7 21.
Ke2 Bb5+ 22. Ke3 Rxg6 23. Qxg6+ Qg7 24. Rg1 Kf8 25. Qh5 Qf7 26. Qh6+ Ke7 27.
Bxf6+ Qxf6 28. Qh7+ Qf7 29. Qxf7+ Kxf7 30. Ne5+ Ke7 31. h5 Rc7 32. h6 Kd6 33.
Rg6 Bf1 34. Nf3 Bh3 35. Ng5 Bf5 36. Rg8 Nf6 37. Rh8 Bh7 38. f3 Bf5 1/2-1/2

[Event "Stuttgarter Stadtmeisterschaft"]
[Site "Ditzingen"]
[Date "2008.05.03"]
[Round "6.24"]
[White "Preiss, Wolfgang"]
[Black "Lörincz, Peter"]
[Result "1/2-1/2"]
[WhiteElo "1731"]
[BlackElo "1630"]
[PlyCount "120"]
[EventDate "2008.05.??"]
[EventType "swiss"]
[EventRounds "7"]
[EventCountry "GER"]

1. e4 Nc6 2. Nf3 d5 3. exd5 Qxd5 4. Nc3 Qd8 5. Bb5 Bd7 6. d4 a6 7. Bc4 e6 8.
O-O Nf6 9. Re1 Be7 10. Bg5 O-O 11. a3 h6 12. Bf4 Bd6 13. Ne5 Ne7 14. Re3 Bxe5
15. dxe5 Nfd5 16. Nxd5 exd5 17. Bxd5 c6 18. Bb3 Qc8 19. c3 Ng6 20. Bg3 Be6 21.
Bc2 Bg4 22. f3 Bf5 23. Qe2 Re8 24. Re1 Be6 25. f4 b5 26. h3 Bf5 27. Bh2 Ra7 28.
g4 Bxc2 29. Qxc2 Rae7 30. f5 Nf8 31. Qf2 Nh7 32. Bf4 c5 33. Qg3 c4 34. Kh2 Qc5
35. h4 Rd7 36. R1e2 Qc6 37. Qg2 Qc5 38. g5 hxg5 39. Bxg5 Qc7 40. Kh3 Rd3 41.
Qg3 Nxg5+ 42. hxg5 Qd7 43. Qf4 Qd5 44. Kg4 Rxe3 45. Qxe3 g6 46. f6 Qe6+ 47. Kh4
Qd5 48. Qe4 Qe6 49. Kg3 Rd8 50. Kf4 Qh3 51. Rg2 Rd3 52. e6 Qh4+ 53. Ke5 Qxe4+
54. Kxe4 fxe6 55. Kf4 Rd5 56. Rh2 Rf5+ 57. Kg4 e5 58. Rh6 Rf4+ 59. Kg3 Kf7 60.
Rh7+ Ke6 1/2-1/2

[Event "Stuttgarter Stadtmeisterschaft"]
[Site "Ditzingen"]
[Date "2008.05.03"]
[Round "6.25"]
[White "Wolff, Sidney Robert"]
[Black "Kvetny, Mark"]
[Result "0-1"]
[WhiteElo "1715"]
[BlackElo "1606"]
[PlyCount "62"]
[EventDate "2008.05.??"]
[EventType "swiss"]
[EventRounds "7"]
[EventCountry "GER"]

1. f4 d5 2. Nf3 Nf6 3. e3 g6 4. b3 Bg7 5. Bb2 O-O 6. Bd3 c5 7. O-O Nc6 8. a4
Re8 9. Na3 Bg4 10. Qe1 Bxf3 11. Rxf3 e5 12. Qh4 e4 13. Rh3 exd3 14. f5 Nh5 15.
f6 Bxf6 16. Bxf6 Qxf6 17. Qxf6 Nxf6 18. Nb5 Re7 19. cxd3 a6 20. Na3 Nb4 21. Rf1
Kg7 22. Rhf3 Nd7 23. d4 cxd4 24. Rf4 Nc6 25. exd4 f5 26. h4 Nf6 27. Nc2 Rae8
28. Ne3 Re4 29. Nxf5+ gxf5 30. Rxf5 Nxd4 31. Rxf6 Ne2+ 0-1

[Event "Stuttgarter Stadtmeisterschaft"]
[Site "Ditzingen"]
[Date "2008.05.03"]
[Round "6.26"]
[White "Kaulich, Philipp Theodor"]
[Black "Adler, Alexander"]
[Result "0-1"]
[WhiteElo "1697"]
[BlackElo "1584"]
[PlyCount "28"]
[EventDate "2008.05.??"]
[EventType "swiss"]
[EventRounds "7"]
[EventCountry "GER"]

1. e4 e5 2. f4 Nc6 3. Nc3 exf4 4. Nf3 d6 5. Bc4 h6 6. O-O g5 7. d3 Be6 8. Qe2
Bg7 9. Bd2 Nge7 10. h4 Nd4 11. Qd1 Ng6 12. Kh1 Bg4 13. g3 Nxf3 14. Rxf3 Ne5 0-1

[Event "Stuttgarter Stadtmeisterschaft"]
[Site "Ditzingen"]
[Date "2008.05.03"]
[Round "6.27"]
[White "Potthast, Christian"]
[Black "Ruff, Robert"]
[Result "0-1"]
[WhiteElo "1691"]
[BlackElo "1566"]
[PlyCount "108"]
[EventDate "2008.05.??"]
[EventType "swiss"]
[EventRounds "7"]
[EventCountry "GER"]

1. e4 e6 2. d4 d5 3. Nc3 Bb4 4. a3 Bxc3+ 5. bxc3 dxe4 6. Qg4 Nf6 7. Qxg7 Rg8 8.
Qh6 Rg6 9. Qe3 Bd7 10. Ne2 Bc6 11. Nf4 Rg8 12. Qh3 Qd6 13. Qh4 Nbd7 14. a4 Qf8
15. Ba3 Qg7 16. Nh5 Qg6 17. Be2 O-O-O 18. Nxf6 Nxf6 19. Be7 Nd5 20. Bxd8 Rxd8
21. Kd2 f5 22. g3 e5 23. c4 Nb4 24. d5 h5 25. Qxh5 Qf6 26. Qh4 Qd6 27. Rhc1 Qc5
28. Ke1 Bd7 29. Qg5 a5 30. Qe3 Na6 31. Ra2 b6 32. h4 Qd6 33. Kf1 Nc5 34. Qd2 f4
35. Kg2 f3+ 36. Bxf3 exf3+ 37. Kxf3 e4+ 38. Kg2 Bg4 39. Qg5 Bf3+ 40. Kh2 Nd7
41. Rb2 Nf6 42. Rcb1 Ng4+ 43. Kg1 Rf8 44. Re1 Qc5 45. c3 Qxc4 46. Qe7 Rd8 47.
Qe6+ Kb7 48. h5 Qxd5 49. Qg6 Rd6 50. Qe8 Rd8 51. Qe7 Rd7 52. Qe8 Rh7 53. Rb5
Qd2 54. Rf1 e3 0-1

[Event "Stuttgarter Stadtmeisterschaft"]
[Site "Ditzingen"]
[Date "2008.05.03"]
[Round "6.28"]
[White "Ziegler, Michael"]
[Black "Faerber, Eric"]
[Result "1-0"]
[WhiteElo "1662"]
[BlackElo "1503"]
[PlyCount "49"]
[EventDate "2008.05.??"]
[EventType "swiss"]
[EventRounds "7"]
[EventCountry "GER"]

1. e4 e5 2. Nf3 Nf6 3. Nc3 Bb4 4. d3 Nc6 5. Bd2 d6 6. a3 Bc5 7. Na4 Bb6 8. Nxb6
axb6 9. Be2 O-O 10. O-O Bg4 11. c3 Qd7 12. Ne1 Bxe2 13. Qxe2 h6 14. f4 exf4 15.
Rxf4 Rfe8 16. Qf2 Re6 17. Rf5 Qe7 18. Qg3 Kh8 19. Nc2 Ra5 20. Ne3 Ree5 21. Raf1
Rxf5 22. Nxf5 Qf8 23. c4 Ra8 24. Nxh6 Nd4 25. Qh4 1-0

[Event "Stuttgarter Stadtmeisterschaft"]
[Site "Ditzingen"]
[Date "2008.05.03"]
[Round "6.29"]
[White "Holschke, Christian"]
[Black "Weisensel, Wolfgang"]
[Result "0-1"]
[WhiteElo "1661"]
[BlackElo "1485"]
[PlyCount "72"]
[EventDate "2008.05.??"]
[EventType "swiss"]
[EventRounds "7"]
[EventCountry "GER"]

1. e4 e5 2. Nf3 Nc6 3. Bc4 h6 4. c3 Nf6 5. d3 Bc5 6. b4 Bd6 7. Qb3 O-O 8. a4 a6
9. Nbd2 Qe7 10. g3 Nd8 11. Nh4 Re8 12. Ndf3 Ne6 13. Nf5 Qf8 14. h4 c6 15. Be3
Bc7 16. O-O-O d6 17. Rdg1 Ng4 18. Nh2 Nxe3 19. fxe3 b5 20. Bxe6 Bxe6 21. Qd1
Bb6 22. Kd2 Bxf5 23. exf5 f6 24. a5 Ba7 25. g4 Re7 26. Rg2 Rf7 27. Rhg1 Qe7 28.
Nf1 d5 29. Ng3 Rd8 30. Ne2 d4 31. exd4 exd4 32. Re1 dxc3+ 33. Nxc3 Qxb4 34. Re4
Bd4 35. Qc2 Bxc3+ 36. Qxc3 Qxe4 0-1

[Event "Stuttgarter Stadtmeisterschaft"]
[Site "Ditzingen"]
[Date "2008.05.03"]
[Round "6.30"]
[White "Maisch, Julian"]
[Black "Ilzhöfer, Karl-Heinz"]
[Result "1-0"]
[WhiteElo "1574"]
[BlackElo "1646"]
[PlyCount "163"]
[EventDate "2008.05.??"]
[EventType "swiss"]
[EventRounds "7"]
[EventCountry "GER"]

1. e4 e6 2. d4 d5 3. e5 c5 4. c3 Qb6 5. Nf3 Nc6 6. Qd3 a6 7. Be2 cxd4 8. cxd4
Bb4+ 9. Nc3 Nge7 10. a3 Bxc3+ 11. bxc3 Bd7 12. Bd2 Na5 13. Qc2 Rc8 14. Rb1 Qc7
15. O-O b5 16. Rfc1 Nc4 17. Bxc4 Qxc4 18. Bg5 Ng6 19. Nd2 Qc7 20. Nb3 Qb6 21.
h4 h6 22. h5 Nxe5 23. Bxh6 Rxh6 24. dxe5 Rxh5 25. Nd4 Ke7 26. f4 Qc5 27. Rb3
Rch8 28. Kf2 Rh2 29. a4 bxa4 30. Rb7 Rc8 31. Qxa4 Rc7 32. Rxc7 Qxc7 33. Qxa6
Qc5 34. Qb7 Rh8 35. Qb4 Rc8 36. Qxc5+ Rxc5 37. g3 f6 38. Ke3 Ra5 39. c4 Ra3+
40. Kf2 Rd3 41. Ne2 d4 42. Ra1 Bc6 43. Ra7+ Kf8 44. exf6 gxf6 45. Ra6 Rf3+ 46.
Ke1 Re3 47. Kd2 Be4 48. Rxe6 Kf7 49. Rd6 Bd3 50. Rxd4 Rxe2+ 51. Kxd3 Rg2 52. c5
Rxg3+ 53. Kc4 Ke7 54. Kd5 Kd7 55. Kc4+ Kc7 56. Kb5 Rb3+ 57. Rb4 Rc3 58. Re4
Rb3+ 59. Kc4 Rf3 60. Kd5 Rc3 61. Re6 Rd3+ 62. Kc4 Rd1 63. Rxf6 Rc1+ 64. Kd4
Rd1+ 65. Ke4 Rc1 66. c6 Rc5 67. Kf3 Kd8 68. Kg4 Ke7 69. Rh6 Kf8 70. f5 Rc1 71.
Rf6+ Ke7 72. Re6+ Kf7 73. Kf4 Rc5 74. Ke4 Kf8 75. Rh6 Kg7 76. Rd6 Kf8 77. Kd4
Rc1 78. Ke5 Re1+ 79. Kf6 Ke8 80. Re6+ Rxe6+ 81. Kxe6 Kd8 82. c7+ 1-0